000 00937nam a2200253 a 4500
001 BRCA_9155
005 20190320210535.0
008 140918s1988----u--a######---#000-0#eng-#
020 _a0300033575
041 _aeng
044 _au
050 4 _aNK2725
_b.W37 1988
100 1 _aWard, Gerald W. R.
_922581
245 1 0 _aAmerican Case Furniture in the Mabel Brady Garvan and other collections at Yale University
_cGerald W. R. Ward ; photographs by Charles Uht.
260 _aNew Haven, Conn.
_bYale University Art Gallery
_cc1988
300 _axv, 485 p.
_bil. (algunas a color)
_c26 cm.
500 _aIncluye índice alfabético
610 2 4 _aYale University
_bArt Gallery
_vCatálogos
_922582
650 1 4 _aCofres
_vCatálogos
_zEstados Unidos
_922583
650 1 4 _aMuebles
_vCatálogos
_zEstados Unidos
_922584
650 1 4 _aCofres
_vCatálogos
_zConnecticut - New Haven
_922585
700 1 _aUht, Charles
_eil.
_922586
942 _2lcc
_cB
999 _c8802
_d8802